|
|
|
|
| LEADER |
00000naa0a2200000 4500 |
| 001 |
593948 |
| 005 |
20250611110742.0 |
| 035 |
|
|
|a (RuTPU)RU\TPU\tpu\7954
|
| 090 |
|
|
|a 593948
|
| 100 |
|
|
|a 20020118d1971 k||y0rusy50 ca
|
| 101 |
0 |
|
|a rus
|
| 102 |
|
|
|a RU
|
| 200 |
1 |
|
|a Результаты достоверности теорий прочности с помощью ЭЦВМ
|f Э. М. Михайловский, Л. М. Седоков
|
| 320 |
|
|
|a Библиогр.: 7 назв.
|
| 463 |
|
|
|t Технический прогресс в машиностроении
|o доклады III научно-технической конференции
|v С. 78-84
|d 1971
|
| 610 |
1 |
|
|a ЭЦВМ
|
| 610 |
1 |
|
|a теория прочности
|
| 610 |
1 |
|
|a труды учёных ТПУ
|
| 700 |
|
1 |
|a Михайловский
|b Э. М.
|
| 701 |
|
1 |
|a Седоков
|b Л. М.
|
| 801 |
|
0 |
|a RU
|b 63413507
|c 20020118
|g PSBO
|
| 801 |
|
2 |
|a RU
|b 63413507
|c 20090910
|g RCR
|
| 850 |
|
|
|a 63413507
|
| 942 |
|
|
|c BK
|